The Wall Street Journal guide to understanding personal finance / (Record no. 3832)

MARC details
000 -LEADER
fixed length control field 02537cam a22002054a 4500
020 ## - INTERNATIONAL STANDARD BOOK NUMBER
ISBN 0743216962 (pbk.)
022 ## - INTERNATIONAL STANDARD SERIAL NUMBER
ISSN 9780743216968
050 00 - CALL NUMBER
Classification number HG179
Item number .M66
100 1# - AUTHOR
Personal name Morris, Kenneth M.
245 14 - TITLE
Title The Wall Street Journal guide to understanding personal finance /
Statement of responsibility, etc Kenneth M. Morris, Virginia B. Morris.
250 ## - EDITION
Edition statement 3rd ed.
260 ## - PUBLICATION INFORMATION
Place of publication New York :
Name of publisher Lightbulb Press :
-- Distributed by Fireside,
Year of publication c2000.
300 ## - DESCRIPTION
Number of Pages 176 p. :
Other physical details col. ill. ;
Dimensions 26 cm.
500 ## - NOTES
General note Includes index.
505 ## - FORMATTED CONTENTS NOTE
Table of Content Banking --<br/>Banking --<br/>Banking Opportunities --<br/>Checking --<br/>How Checking Works --<br/>Checking Variety --<br/>Special Checks --<br/>ATMs: Tellers Go Automatic --<br/>Monthly Statement --<br/>CD: Certificate of Deposit --<br/>Savings --<br/>Technology: New and Old --<br/>Home Banking --<br/>Using Credit --<br/>Credit Cards --<br/>Understanding Card Credit --<br/>What Cards Cost --<br/>Protecting Your Card Rights --<br/>Loans --<br/>Substance of a Loan --<br/>Cost of a Loan --<br/>How Repayment Works --<br/>Loan vs. Lease --<br/>Credit Histories --<br/>Reading a Credit Report --<br/>Coping with Debt --<br/>Home Finance --<br/>Roof over Your Head --<br/>Can You Buy? --<br/>Buying a House --<br/>Finding a Mortgage --<br/>Dealing with the Lender --<br/>Surviving the Closing --<br/>Cost of a Mortgage --<br/>Mortgage Rates --<br/>Refinancing --<br/>Your Home as Investment --<br/>Using Your Equity --<br/>Insuring Your Home --<br/>Selling Your Home --<br/>Figuring Your Profit or Loss --<br/>Financial Planning --<br/>Financial Planning --<br/>Making a Financial Plan --<br/>Managing Your Cash Flow --<br/>Your Net Worth --<br/>Cost of a College Education --<br/>Financial Aid --<br/>Planning for Retirement --<br/>Individual Retirement Accounts --<br/>Salary-Reduction Plans --<br/>Annuities --<br/>Social Security --<br/>Life Insurance --<br/>Types of Life Insurance --<br/>Long-Term Care --<br/>Estate Planning --<br/>Making a Will --<br/>Trusts --<br/>Investing --<br/>Investing --<br/>Risk vs. Reward --<br/>Figuring Your Return --<br/>Diversifying Your Portfolio --<br/>Investing in Stocks --<br/>World of Stocks --<br/>Tracking Your Investments --<br/>Tricks of the Trade --<br/>Taking Stock of Your Investments --<br/>Investing Bonds --<br/>Value of Bonds --<br/>Special Types of Bonds --<br/>It's a Fund-Filled World --<br/>Investing in Mutual Funds --<br/>Anatomy of a Prospectus --<br/>Tracking Mutual Fund Performance --<br/>Futures and Options --<br/>Investing in Real Estate --<br/>Taxes --<br/>Paying Taxes --<br/>Tax Brackets --<br/>Reporting System --<br/>Completing a Return --<br/>Withholding --<br/>Prepaying as You Go.
650 #0 - SUBJECTS
Topical Term Finance, Personal.
700 1# - OTHER AUTHORS
Personal name Morris, Virginia B.,
730 0# - OTHER AUTHORS
OTHER AUTHORS Wall Street journal.
942 ## - ADDED ENTRY ELEMENTS (KOHA)
Koha item type Books
Holdings
Withdrawn status Lost status Collection code Home library Current library Shelving location Date acquired Full call number Accession Number Koha item type
    Reference Methodist University Library Main Methodist University Library Main General Stacks 31/01/2013 HG179 .M66 36928 Books
Copyright © 2026  MUG Library